00518nam a2200169Ia 4500003000900000008004100009040001600050080001600066100002100082245013000103260001600233300000900249650004100258650001100299650002100310650001700331IN-BaIIA211028s9999 xx 000 0 eng d cIIA Library a523.64bBRE aBredichin, T. H. 0aHistoire de l'hypothese des ondes cosmiques, composee pour l'explication des formes cometaires (in French)cT. H. Bredichin  aParisc1883 a60p. aAstronomy and Astrophysics Thesaurus aComets aPlanetary system aSolar system